[Event "Tbilisi Municipality Cup"]
[Site "?"]
[Date "2009.06.22"]
[Round "8.17"]
[White "Harutjunyan Gevorg"]
[Black "Batsiashvili Nino"]
[Result "1-0"]
[WhiteElo "2504"]
[BlackElo "2300"]
[PlyCount "105"]
[EventDate "2009.??.??"]
[SourceDate "2009.06.22"]

1. e4 c5 2. Nf3 d6 3. d4 cxd4 4. Nxd4 Nf6 5. Nc3 Nc6 6. Bg5 e6 7. Bb5 Bd7 8.
Bxc6 bxc6 9. Qf3 h6 10. Bh4 Qb6 11. O-O-O Be7 12. Nb3 c5 13. Nd2 Qa6 14. b3 Rd8
15. Nc4 Bc6 16. Bxf6 Bxf6 17. Nxd6+ Ke7 18. Qg3 Bxc3 19. Qxc3 Qa3+ 20. Kb1 Rxd6
21. Rxd6 Kxd6 22. Qxg7 Rd8 23. Qxf7 Rd7 24. Rd1+ Kc7 25. Qf4+ Kb7 26. Rxd7+
Bxd7 27. Qxh6 Qb4 28. Qe3 Bc6 29. f3 c4 30. h4 Be8 31. g4 c3 32. h5 e5 33. Kc1
a5 34. Kd1 a4 35. Ke1 Bf7 36. h6 Bg6 37. Kf2 axb3 38. axb3 Kc6 39. Qd3 Qc5+ 40.
Kg2 Bh7 41. Kh3 Qd4 42. Qa6+ Kc7 43. Qc4+ Kd6 44. Qf7 Bxe4 45. h7 Bxh7 46. Qxh7
Qd1 47. Qe4 Qh1+ 48. Kg3 Qg1+ 49. Kh4 Qf2+ 50. Kg5 Qd4 51. Kf6 Qc5 52. g5 Qa5
53. Qd3+ 1-0

[Event "Tbilisi Municipality Cup"]
[Site "?"]
[Date "2009.06.22"]
[Round "8.18"]
[White "Maghalashvili Davit"]
[Black "Poghosyan Suren"]
[Result "1/2-1/2"]
[WhiteElo "2490"]
[BlackElo "2285"]
[PlyCount "104"]
[EventDate "2009.??.??"]
[SourceDate "2009.06.22"]

1. d4 e6 2. c4 Nf6 3. Nc3 d5 4. cxd5 exd5 5. Bg5 c6 6. e3 Be7 7. Bd3 O-O 8. Qc2
Nbd7 9. Nf3 Re8 10. O-O Nf8 11. h3 Be6 12. Rab1 a5 13. a3 N6d7 14. Bxe7 Qxe7
15. b4 axb4 16. axb4 Rac8 17. Na4 Qf6 18. Qd1 b5 19. Nc5 Nxc5 20. dxc5 Ng6 21.
Ra1 Nh4 22. Nxh4 Qxh4 23. Qd2 Ra8 24. Qb2 Qg5 25. Kh2 Qe7 26. Ra3 Ra7 27. Rxa7
Qxa7 28. Ra1 Qb7 29. Qe5 Qb8 30. Qxb8 Rxb8 31. Ra7 g6 32. Kg3 Kg7 33. Kf4 Kf6
34. e4 g5+ 35. Ke3 Rd8 36. exd5 Bxd5 37. f3 h5 38. Be4 Bxe4 39. fxe4 Rd1 40.
Rc7 Rb1 41. Rxc6+ Ke5 42. Rd6 Rb3+ 43. Rd3 Rxb4 44. Rd5+ Kf6 45. h4 gxh4 46. c6
Rc4 47. Rxb5 Rxc6 48. Rxh5 Rc2 49. Kf3 Rc3+ 50. Kf2 Rc2+ 51. Kg1 Re2 52. Rxh4
Ke5 1/2-1/2

[Event "Tbilisi Municipality Cup"]
[Site "?"]
[Date "2009.06.22"]
[Round "8.19"]
[White "Rasulov Vugar"]
[Black "Kviriashvili Ioseb"]
[Result "1-0"]
[WhiteElo "2488"]
[BlackElo "2258"]
[PlyCount "135"]
[EventDate "2009.??.??"]
[SourceDate "2009.06.22"]

1. e4 e6 2. d4 d5 3. Nd2 Nf6 4. e5 Nfd7 5. Bd3 c5 6. c3 Nc6 7. Ne2 cxd4 8. cxd4
f6 9. exf6 Nxf6 10. O-O Bd6 11. Nf3 O-O 12. Bg5 Qc7 13. Bh4 Nh5 14. Qc2 h6 15.
Bh7+ Kh8 16. Bg6 Nf4 17. Nxf4 Bxf4 18. Bg3 Qb6 19. Rad1 Bd7 20. Bh5 Kg8 21. Bg4
Bxg3 22. hxg3 Rf6 23. Rfe1 Raf8 24. Re3 a5 25. Qc3 Rc8 26. Qd2 Nb4 27. a3 Rc2
28. Qe1 Na6 29. b3 Nc7 30. a4 Na6 31. Ne5 Be8 32. Nd3 Bf7 33. Nf4 Rc6 34. Rc1
Qxd4 35. Rxc6 bxc6 36. Bxe6 Bxe6 37. Rxe6 Nb4 38. Re8+ Kh7 39. Qb1+ g6 40. Re7+
Kg8 41. Qe1 Rf7 42. Rxf7 Kxf7 43. Qe6+ Kf8 44. Qc8+ Ke7 45. Qe6+ Kf8 46. Qc8+
Ke7 47. Nxg6+ Kd6 48. Qd8+ Kc5 49. Qxa5+ Kd6 50. Qd8+ Kc5 51. Qa5+ Kd6 52. Qd8+
Kc5 53. Nf4 Qd1+ 54. Kh2 Qxb3 55. Qe7+ Kc4 56. Qe2+ Kc3 57. a5 Qc4 58. Qe1+ Kb3
59. Qb1+ Ka4 60. Qa1+ Kb5 61. Ne6 Qa2 62. Qc3 Qxa5 63. f4 Qb6 64. f5 c5 65. Qe5
Kc4 66. f6 Nd3 67. Qf5 Qd6 68. f7 1-0

[Event "Tbilisi Municipality Cup"]
[Site "?"]
[Date "2009.06.22"]
[Round "8.20"]
[White "Yilmaz Turhan"]
[Black "Nigalidze Gaioz"]
[Result "1/2-1/2"]
[WhiteElo "2317"]
[BlackElo "2466"]
[PlyCount "185"]
[EventDate "2009.??.??"]
[SourceDate "2009.06.22"]

1. e4 c5 2. Nc3 Nc6 3. g3 g6 4. Bg2 Bg7 5. d3 e6 6. f4 d6 7. Be3 Nge7 8. Nge2
Nd4 9. g4 h5 10. g5 d5 11. Nc1 Qb6 12. Rb1 O-O 13. O-O dxe4 14. Nxe4 Nd5 15.
Bd2 Nf5 16. Qe1 Nfe3 17. Bxe3 Nxe3 18. Rf2 Nxg2 19. Kxg2 e5 20. Nf6+ Bxf6 21.
gxf6 Qxf6 22. Qxe5 Qh4 23. Qg5 Bh3+ 24. Kg1 Rae8 25. Nb3 Qxg5+ 26. fxg5 Re5 27.
Rf3 Rxg5+ 28. Rg3 Rxg3+ 29. hxg3 b6 30. Re1 Be6 31. Nd2 Kg7 32. a4 Rd8 33. a5
Rd4 34. axb6 axb6 35. b3 h4 36. gxh4 Rxh4 37. Ra1 Rh8 38. Ra6 Rb8 39. Ne4 Bd5
40. Nc3 Bc6 41. Kf2 Kf6 42. Ra7 Ke6 43. Rc7 Bd7 44. Ke3 Kd6 45. Ra7 Kc6 46. d4
Re8+ 47. Kd3 cxd4 48. Kxd4 f5 49. b4 Bc8 50. b5+ Kd6 51. Rg7 Re6 52. Rg8 Bb7
53. Rg7 Bg2 54. Rf7 Be4 55. Na4 Bd5 56. Nc3 Be4 57. Na4 Bxc2 58. Nxb6 Re4+ 59.
Kc3 Ke6 60. Rc7 Re2 61. Rc6+ Kf7 62. Rc7+ Kf6 63. Nd5+ Kg5 64. b6 Be4 65. b7
Rc2+ 66. Kb3 Rxc7 67. b8=Q Bxd5+ 68. Ka4 Rc4+ 69. Kb5 Be6 70. Qd8+ Kh5 71. Qh8+
Kg5 72. Qd8+ Kh5 73. Qh8+ Kg4 74. Qf6 Re4 75. Qxg6+ Kf3 76. Qh5+ Ke3 77. Qh3+
Kd4 78. Qh8+ Kd3 79. Qh3+ Kd2 80. Qh2+ Kd3 81. Qh3+ Re3 82. Qf1+ Ke4 83. Qg2+
Kd4 84. Qg7+ Kd5 85. Qb7+ Kd4 86. Qb6+ Kd3 87. Qd6+ Kc2 88. Qc5+ Kd2 89. Qd6+
Ke1 90. Qf4 Ke2 91. Kc5 Re4 92. Qh2+ Kd3 93. Qh3+ 1/2-1/2

[Event "Tbilisi Municipality Cup"]
[Site "?"]
[Date "2009.06.22"]
[Round "8.21"]
[White "Mamedjarova Zeinab"]
[Black "Melia Salome"]
[Result "1/2-1/2"]
[WhiteElo "2316"]
[BlackElo "2440"]
[PlyCount "157"]
[EventDate "2009.??.??"]
[SourceDate "2009.06.22"]

1. d4 Nf6 2. c4 e6 3. Nc3 Bb4 4. Qc2 O-O 5. Nf3 c5 6. dxc5 Na6 7. a3 Bxc3+ 8.
Qxc3 Nxc5 9. Bf4 b6 10. e3 Ba6 11. b4 Nce4 12. Qb2 d5 13. b5 Bb7 14. Be2 Re8
15. O-O dxc4 16. Bxc4 Nc5 17. Qa2 Bxf3 18. gxf3 Nh5 19. Bg3 Qf6 20. Kg2 Na4 21.
Rac1 Red8 22. Rc2 Nxg3 23. hxg3 h5 24. Rfc1 Nc5 25. Be2 g6 26. f4 Rd6 27. a4
Rad8 28. a5 Qf5 29. axb6 axb6 30. Qb2 Nd3 31. Bxd3 Rxd3 32. Rc8 Qd5+ 33. Kh2
Rd2 34. Rxd8+ Qxd8 35. Rc2 Rd1 36. Rc1 Rd5 37. Rc4 Qd7 38. Qc3 Rd3 39. Qb2 Rd2
40. Rc2 Rd1 41. Rc1 Rd5 42. Rc4 Rd2 43. Rc2 Rd1 44. Rc1 Qd2 45. Qxd2 Rxd2 46.
Rc6 Rxf2+ 47. Kh3 Re2 48. Rxb6 Rxe3 49. Kg2 Rb3 50. Rb8+ Kg7 51. b6 Kf6 52. Rb7
Rb5 53. Kf3 Rb3+ 54. Kf2 Rb2+ 55. Kf3 Rb3+ 56. Kf2 Rb5 57. Kf3 e5 58. fxe5+
Rxe5 59. Rc7 Rb5 60. b7 Rb4 61. Ke3 g5 62. Kd3 Kg6 63. Kc3 Rb1 64. Kc4 h4 65.
gxh4 gxh4 66. Kc5 Kg7 67. Kd6 h3 68. Rc3 Rxb7 69. Ke5 Rb5+ 70. Kf4 Rh5 71. Rc1
h2 72. Rh1 Kf6 73. Kg4 Rh8 74. Kg3 Kg5 75. Kf2 Rh3 76. Kg2 Kg4 77. Kf2 Rg3 78.
Rxh2 Rh3 79. Rg2+ 1/2-1/2

[Event "Tbilisi Municipality Cup"]
[Site "?"]
[Date "2009.06.22"]
[Round "8.22"]
[White "Azaladze Shota"]
[Black "Khmiadashvili Tamar"]
[Result "1-0"]
[WhiteElo "2434"]
[BlackElo "2216"]
[PlyCount "99"]
[EventDate "2009.??.??"]
[SourceDate "2009.06.22"]

1. Nf3 d6 2. c4 c6 3. d4 Bg4 4. e3 Nd7 5. Be2 g6 6. O-O Bg7 7. Nc3 Ngf6 8. h3
Bxf3 9. Bxf3 O-O 10. Rb1 Qc7 11. Bd2 a6 12. Qc2 Rac8 13. b4 b5 14. cxb5 axb5
15. a4 bxa4 16. Nxa4 d5 17. Rfc1 Qd6 18. b5 cxb5 19. Qxc8 Rxc8 20. Rxc8+ Bf8
21. Nc3 Qa6 22. Rc7 e6 23. Be2 Qb6 24. Nxb5 Kg7 25. Be1 Bd6 26. Rcc1 Bb8 27.
Bb4 e5 28. dxe5 Bxe5 29. Bf3 Qe6 30. Nd4 Bxd4 31. exd4 Qf5 32. Bd2 g5 33. Rb3
h6 34. Rc7 h5 35. Be3 g4 36. hxg4 hxg4 37. Be2 Qe6 38. g3 Ne8 39. Ra7 Nd6 40.
Ra6 Nf6 41. Rbb6 Nfe8 42. Bf1 Qd7 43. Bf4 Nf5 44. Bb5 Qe7 45. Be5+ f6 46. Re6
Qb4 47. Ra7+ Nc7 48. Rxc7+ Ne7 49. Rexe7+ Kg6 50. Bd3+ 1-0

[Event "Tbilisi Municipality Cup"]
[Site "?"]
[Date "2009.06.22"]
[Round "8.23"]
[White "Morchiashvili Bachana"]
[Black "Lomsadze Davit"]
[Result "1/2-1/2"]
[WhiteElo "2412"]
[BlackElo "2342"]
[PlyCount "102"]
[EventDate "2009.??.??"]
[SourceDate "2009.06.22"]

1. Nf3 Nf6 2. c4 c5 3. Nc3 g6 4. g3 Bg7 5. Bg2 O-O 6. O-O Nc6 7. d3 a6 8. Rb1
Rb8 9. Bg5 d6 10. a3 b5 11. cxb5 axb5 12. b4 cxb4 13. axb4 h6 14. Be3 Bd7 15.
Qb3 Be6 16. Qc2 Nd5 17. Nxd5 Bxd5 18. Qd2 g5 19. h4 Bxf3 20. Bxf3 Ne5 21. hxg5
Nxf3+ 22. exf3 hxg5 23. Bxg5 f6 24. Bh6 Qd7 25. Kg2 Kf7 26. Rh1 Rh8 27. Qa2+ d5
28. Qd2 Qf5 29. Rbe1 e5 30. Ra1 Kg6 31. Bxg7 Kxg7 32. Qe3 d4 33. Qe4 Qxe4 34.
fxe4 Rxh1 35. Kxh1 Rc8 36. Ra5 Rc3 37. Rxb5 Rxd3 38. Kg2 Rb3 39. Rb7+ Kg6 40.
b5 Rb4 41. f3 Rb2+ 42. Kh3 f5 43. Rb8 d3 44. exf5+ Kxf5 45. Rf8+ Ke6 46. Rd8
Rb3 47. b6 Ke7 48. Rd5 Ke6 49. Rd8 Ke7 50. Rd5 Ke6 51. Rd8 Ke7 1/2-1/2

[Event "Tbilisi Municipality Cup"]
[Site "?"]
[Date "2009.06.22"]
[Round "8.24"]
[White "Qashashvili Alexandre"]
[Black "Paichadze Luka"]
[Result "1/2-1/2"]
[WhiteElo "2271"]
[BlackElo "2410"]
[PlyCount "96"]
[EventDate "2009.??.??"]
[SourceDate "2009.06.22"]

1. e4 c6 2. d4 d5 3. Nc3 b5 4. a3 dxe4 5. Nxe4 Nf6 6. Nxf6+ gxf6 7. Be3 Qd5 8.
Ne2 Bf5 9. c4 bxc4 10. Nc3 Qd8 11. Bxc4 e6 12. Qf3 Rg8 13. h3 Nd7 14. g4 Bg6
15. Qxc6 Rc8 16. Qa4 Qc7 17. Ba6 Rb8 18. Rc1 Be7 19. Nb5 Qd8 20. Nc7+ Kf8 21.
Bh6+ Rg7 22. O-O f5 23. Be2 fxg4 24. Bxg4 Nf6 25. Qxa7 Be4 26. Rfe1 Rxb2 27.
Nxe6+ fxe6 28. Rc7 Nxg4 29. Bxg7+ Kg8 30. hxg4 Bd6 31. Be5 Bxc7 32. Qxc7 Qxc7
33. Bxc7 Bd5 34. Be5 Rb3 35. Re3 Rxe3 36. fxe3 Bc6 37. Kf2 Kf7 38. Kg3 Kg6 39.
Kf4 h5 40. gxh5+ Kxh5 41. Bf6 Kg6 42. Ke5 Kf7 43. Bh4 Ba4 44. d5 exd5 45. Kxd5
Ke8 46. e4 Kd7 47. e5 Kc8 48. Kd6 Kb7 1/2-1/2

[Event "Tbilisi Municipality Cup"]
[Site "?"]
[Date "2009.06.22"]
[Round "8.25"]
[White "Shalamberidze Akaki"]
[Black "Gamzardia Giorgi"]
[Result "0-1"]
[WhiteElo "2381"]
[BlackElo "2139"]
[PlyCount "94"]
[EventDate "2009.??.??"]
[SourceDate "2009.06.22"]

1. e4 g6 2. d4 Bg7 3. h4 h5 4. Nf3 d6 5. Ng5 c6 6. Nc3 b5 7. a4 b4 8. Bc4 Nh6
9. Ne2 d5 10. Bb3 O-O 11. Nf4 e6 12. e5 c5 13. c3 Nc6 14. Be3 bxc3 15. bxc3
cxd4 16. cxd4 Qa5+ 17. Kf1 Ba6+ 18. Kg1 Ng4 19. Rh3 Ne7 20. Nd3 Bxd3 21. Qxd3
Nf5 22. Bd2 Qb6 23. Nf3 Rfc8 24. a5 Qb7 25. Ba4 Rab8 26. Bc3 Bh6 27. Nd2 Qe7
28. g3 Bxd2 29. Qxd2 Rc4 30. Kg2 Qc7 31. Ra3 Rc8 32. Bb2 Qe7 33. Ra2 Qb4 34.
Qxb4 Rxb4 35. Rh1 Rcc4 36. Bd1 Nxd4 37. Bxd4 Rxd4 38. Bxg4 Rxg4 39. Rc1 Rgc4
40. Rxc4 Rxc4 41. f4 a6 42. Kf2 Kf8 43. Ra3 Ke8 44. Ke3 Kd7 45. Rb3 Kc7 46. Rb6
Rc6 47. Rb3 Rc5 0-1

[Event "Tbilisi Municipality Cup"]
[Site "?"]
[Date "2009.06.22"]
[Round "8.26"]
[White "Simonian Tigran"]
[Black "Zarkua Davit"]
[Result "1/2-1/2"]
[WhiteElo "2247"]
[BlackElo "2366"]
[PlyCount "60"]
[EventDate "2009.??.??"]
[SourceDate "2009.06.22"]

1. d4 Nf6 2. c4 c5 3. d5 b5 4. cxb5 a6 5. f3 d6 6. e4 g6 7. Nc3 Bg7 8. Bd3 O-O
9. Nge2 Nbd7 10. bxa6 Bxa6 11. Bxa6 Rxa6 12. O-O Qa8 13. b3 Rb8 14. Rb1 Rab6
15. Kh1 Qa6 16. Be3 Ne8 17. Qc2 R6b7 18. Rfd1 Nc7 19. Bg5 Bf6 20. Bxf6 exf6 21.
Nc1 Nb5 22. Nxb5 Rxb5 23. Ne2 Rb4 24. Nf4 Kg7 25. h3 h5 26. Nd3 Rd4 27. Nf2
Rdb4 28. Nd3 Rd4 29. Nf2 Rdb4 30. Nd3 Rd4 1/2-1/2

[Event "Tbilisi Municipality Cup"]
[Site "?"]
[Date "2009.06.22"]
[Round "8.27"]
[White "Tsereteli Tamar"]
[Black "Mamedjarova Turkan"]
[Result "1/2-1/2"]
[WhiteElo "2365"]
[BlackElo "2255"]
[PlyCount "40"]
[EventDate "2009.??.??"]
[SourceDate "2009.06.22"]

1. Nf3 d5 2. g3 Nf6 3. Bg2 Bf5 4. d3 e6 5. O-O h6 6. Nbd2 Bc5 7. c3 O-O 8. Qb3
Bb6 9. a4 a5 10. Ne5 Nbd7 11. Nxd7 Nxd7 12. e4 dxe4 13. dxe4 Bg4 14. Nc4 Ba7
15. Qc2 Qf6 16. Bf4 e5 17. Be3 Qe6 18. Bxa7 Qxc4 19. Be3 Nc5 20. f3 Bd7 1/2-1/2

[Event "Tbilisi Municipality Cup"]
[Site "?"]
[Date "2009.06.22"]
[Round "8.28"]
[White "Khelaia Giorgi"]
[Black "Charkhalashvili Inga"]
[Result "0-1"]
[WhiteElo "2056"]
[BlackElo "2363"]
[PlyCount "65"]
[EventDate "2009.??.??"]
[SourceDate "2009.06.22"]

1. e4 c6 2. Nc3 d5 3. Qf3 e6 4. d4 Nf6 5. e5 Nfd7 6. Qg3 c5 7. Nf3 cxd4 8. Nxd4
Nc6 9. Nxc6 bxc6 10. Be2 Qc7 11. f4 Qb6 12. Rf1 g6 13. Bd2 Qxb2 14. Rb1 Qa3 15.
Rb3 Qc5 16. Bd3 Qe7 17. Na4 Qd8 18. f5 gxf5 19. Bxf5 exf5 20. Rxf5 Nc5 21. e6
Bxe6 22. Nxc5 Bxc5 23. Qe5 Rf8 24. Bf4 Bd6 25. Qe2 Bxf4 26. Rxf4 Qd6 27. g3 Rg8
28. Rb7 Kf8 29. Qh5 Rg7 30. Qh6 Kg8 31. Kd2 Qe5 32. Re7 d4 33. Rfxf7 0-1

[Event "Tbilisi Municipality Cup"]
[Site "?"]
[Date "2009.06.22"]
[Round "8.29"]
[White "Kerashvili Giorgi"]
[Black "Guramishvili Sopiko"]
[Result "0-1"]
[WhiteElo "2033"]
[BlackElo "2325"]
[PlyCount "60"]
[EventDate "2009.??.??"]
[SourceDate "2009.06.22"]

1. e4 c5 2. Nf3 d6 3. d4 cxd4 4. Nxd4 Nf6 5. Nc3 a6 6. Be3 e5 7. Nb3 Be6 8. Qd2
Nbd7 9. f3 b5 10. O-O-O b4 11. Na4 d5 12. exd5 Nxd5 13. Bc4 Nxe3 14. Bxe6 Nxd1
15. Bxd7+ Qxd7 16. Qxd7+ Kxd7 17. Nb6+ Kc6 18. Nxa8 Ne3 19. Re1 Be7 20. Kb1 Bg5
21. Na5+ Kb5 22. Nb7 Nc4 23. Nd6+ Nxd6 24. Rxe5+ Kc6 25. Rxg5 g6 26. Rg4 a5 27.
Rh4 h5 28. g4 Rxa8 29. gxh5 Rh8 30. h6 Nf5 0-1

[Event "Tbilisi Municipality Cup"]
[Site "?"]
[Date "2009.06.22"]
[Round "8.30"]
[White "Mgeladze Tamaz"]
[Black "Khurtsidze Tornike"]
[Result "0-1"]
[WhiteElo "2303"]
[BlackElo "1921"]
[PlyCount "74"]
[EventDate "2009.??.??"]
[SourceDate "2009.06.22"]

1. e4 c5 2. d4 cxd4 3. c3 Nf6 4. e5 Nd5 5. cxd4 Nc6 6. Nc3 Nxc3 7. bxc3 d6 8.
Nf3 dxe5 9. Nxe5 Nxe5 10. dxe5 Qxd1+ 11. Kxd1 Bg4+ 12. Be2 O-O-O+ 13. Ke1 Bxe2
14. Kxe2 e6 15. Bg5 Rd5 16. f4 h6 17. Bh4 g5 18. Bg3 gxf4 19. Bxf4 Bg7 20. Rhe1
Bxe5 21. c4 Ra5 22. Bxe5 Rxe5+ 23. Kf3 Rf5+ 24. Ke3 Rg8 25. g3 Rg4 26. Rac1 Rc5
27. Kd3 Kd7 28. Re4 Rxe4 29. Kxe4 f5+ 30. Kd4 Kd6 31. Rb1 e5+ 32. Kd3 b6 33.
Rf1 Ke6 34. Rf2 Ra5 35. Rb2 Ra3+ 36. Kd2 Rf3 37. Ke2 Rc3 0-1